El ALCA en el contexto del crack del capitalismo global /
Spremljeno u:
| Glavni autor: | |
|---|---|
| Format: | Tekst |
| Oznake: |
Dodaj oznaku
Bez oznaka, Budi prvi tko označuje ovaj zapis!
|
MARC
| LEADER | 00000 a a2200000 04500 | ||
|---|---|---|---|
| 001 | 48386 | ||
| 003 | |||
| 040 | |||
| 100 | |a Báez Tobar, René | ||
| 245 | |a El ALCA en el contexto del crack del capitalismo global / |c René Báez Tobar | ||
| 773 | |g número360, (2002), páginas 18-22 | ||
| 999 | |c 22826 |d 22826 | ||
